000 00728nam a2200133Ia 4500
008 171212s9999 xx 000 0 und d
020 _a9780874217636
100 _aGiberson, Gregory A.;Moriarty, Thomas A.
245 _cGiberson, Gregory A.;Moriarty, Thomas A.
_aWhat We Are Becoming
_bDevelopments in Undergraduate Writing Majors
260 _bUniversity Press of Colorado
_c2010
650 _aEducation
650 _aEnglish language -- Rhetoric -- Study and teaching (Higher) -- United States; Report writing -- Study and teaching (Higher) -- United States; Creative writing (Higher education) -- United States; Writing centers -- United States; English philology -- Stud
856 _uwww.jstor.org/stable/10.2307/j.ctt4cgppw
999 _c353192
_d353192